000 00554nam a2200205Ia 4500
005 20250923145819.0
008 008 250917s9999 xx 000 0 eng d
037 _aTextual
040 _aDSWL
_beng
_cDSWL
041 _aeng
_2eng
084 _aYX, N86
_qDSWL
100 _aHowe, D.
_9839211
245 0 _aSocial workers and their practice in welfare bureaucracies
_cby D.Howe
260 _aVermont
_b Gower
_c1986
300 _avi,174p.
365 _aUSD
_b27
925 _g27
942 _cTEXL
_hYX, N86
999 _c1456019
_d1456019